| 000 | 00856nam a2200217 i 4500 | ||
|---|---|---|---|
| 001 | 33660 | ||
| 003 | ES-MaACL | ||
| 005 | 20230906154810.0 | ||
| 007 | t| | ||
| 008 | 030203s1912 fr ||||1| fre d | ||
| 100 | 1 |
_aBeuchat, H. _928698 |
|
| 245 | 1 | 0 |
_aManuel d'archéologie américaine _b: (Amérique prehistorique, civilisations disparues) / _cH. Beuchat ; préface par M.H. Vignaud. |
| 260 |
_aParis : _bLibraire Alphonse Picard et fils, _c1912 ( _eMacon : _fProtat Frères) |
||
| 300 |
_aXLI, 773 p. ; _c23 cm. |
||
| 504 | _aBibliografía: p. [XXI]-XLI. Índice. | ||
| 650 | 4 |
_aIndios de América- _xRestos arqueológicos. _9160273 |
|
| 651 | 4 |
_aAmérica- _xRestos arqueológicos prehistóricos. _9152033 |
|
| 651 | 4 |
_aAmérica- _xDescubrimientos y exploraciones. _97694 |
|
| 700 | 1 |
_aVignaud, Henry ( _d1830-1922) _9114644 |
|
| 852 |
_aES-MaACL _jF-6040 |
||
| 999 |
_c33660 _d33660 |
||